000 00562nam a2200205Ia 4500
001 58556
008 150511n ii |||gr||||Z||||||asm
020 _a13978-81-244-0015-9
082 _a891.41109
245 0 _aAdhunik Asamiya Kabita
_cPurna Bhattacharjya
_hTextual Documents
250 _a2nd edn.
260 _aGuwahati
_bChandra Prakash
_c2009.
300 _a166pg:
_c23cm.
653 _aAdhunik Asamiya Kabita
653 _aAssamese
653 _aAssamese Literature
653 _aDeptt-Assamese
700 _aBhattacharjya,Purna .
942 _2ddc
_cBK
999 _c58449
_d58449